header

Balanceren tussen uitvoering en bewuste afwijking van beleid (Record no. 218747)

MARC details
000 -LEADER
fixed length control field 01411nam a2200325 a 4500
100 1# - MAIN ENTRY--AUTHOR NAME
Personal name Dankert, Ritske.
245 10 - TITLE STATEMENT
Title Balanceren tussen uitvoering en bewuste afwijking van beleid
260 ## - PUBLICATION, DISTRIBUTION, ETC. (IMPRINT)
Place of publication Amsterdam, The Netherlands :
Name of publisher IOS Press,
Year of publication 2011.
300 ## - PHYSICAL DESCRIPTION
Number of Pages 353 p. :
Other physical details ill.
490 1# - SERIES STATEMENT
Series statement Sustainable urban areas,
650 #0 - SUBJECT ADDED ENTRY--TOPICAL TERM
Topical Term Sustainable development
Topical Term Sustainable urban development.
856 40 - ELECTRONIC LOCATION AND ACCESS
Uniform Resource Identifier http://site.ebrary.com/lib/rucke/Doc?id=10506378

No items available.

© 2026 Rongo University
Contact us: librarian | system librarian | Rongo university